00939cam a2200241Mi 450000500170000000800410001702000160005802000160007402000180009004000550010804100080016310000160017124501100018726000770029730000450037449000480041950400530046763000430052065000440056365000420060765000240064965100240067320140903175106.0140514s2006 xxuab fr 001 0 spa d a0299220303  a0299220346  a9780299220341 aNLGGCCO-BoUCMbspacJose A. GerenadJose A. Gerena aeng1 aRoosa, John10aPretext for mass murderbthe September 30th movement and suharto's coup d'état in IndonesiacJohn Roosa aMadison (Wisconsin, Estados Unidos)bUniversity of Wisconsin pressc2006 axii, 329 páginasbilustraciones, mapas0 aNew perspectives in southeast Asian studies aIncluye referencias bibliográficas e índices aMovimiento 30 de SeptiembrezIndonesia 7aCiencia políticaxHistoriazIndonesia 7aGolpes de estadoxHistoriazIndonesia 7aHistoriazIndonesia 4aIndonesiaxHistoria